000 01043cam a22002771 4500
001 8418937
005 20050708184641.0
008 750630s1959 pau b 000 0 eng
010 _a 59009947
035 _a(OCoLC)1421312
040 _aDLC
_cFO
_dMBU
_dDCHS
_dDLC
042 _apremarc
050 0 0 _aBT23
_b.K76 1959
100 1 _aKroner, Richard,
_d1884-
245 1 0 _aSpeculation and revelation in the age of Christian philosophy.
260 _aPhiladelphia,
_bWestminster Press
_c[1959]
300 _a269 p.
_c24 cm.
490 1 _aHis Speculation and revelation in the history of philosophy
504 _aIncludes bibliography.
650 0 _aTheology, Doctrinal
_xHistory.
650 0 _aPhilosophy
_xHistory.
800 1 _aKroner, Richard,
_d1884-
_tSpeculation and revelation in the history of philosophy.
906 _a7
_bcbc
_coclcrpl
_du
_encip
_f19
_gy-gencatlg
942 _2lcc
_cBK
999 _c15224
_d15224